Ч. IV: Ряды; Высшая математика

Podrobná bibliografie
Parent link:Высшая математика: Учебное пособие/ Г. А. Кошельская, Г. П. Столярова, А. Н. Харлова. Ч. IV: Ряды.— , 2001
Jazyk:ruština
Vydáno: 2001
Témata:
Médium: MixedMaterials Kniha
KOHA link:https://koha.lib.tpu.ru/cgi-bin/koha/opac-detail.pl?biblionumber=37058

MARC

LEADER 00000nam2a2200000 4500
001 37058
005 20231031003433.0
035 |a (RuTPU)RU\TPU\book\37615 
090 |a 37058 
100 |a 20011221d2001 m y0rusy50 ca 
101 0 |a rus 
102 |a RU 
105 |a a j 001zy 
200 0 |a Ч. IV: Ряды 
210 |d 2001 
215 |a 136 с.  |c ил. 
320 |a Библиогр.: с. 134. 
461 1 |0 (RuTPU)RU\TPU\book\37614  |t Высшая математика  |o Учебное пособие  |f Г. А. Кошельская, Г. П. Столярова, А. Н. Харлова  |v Ч. IV: Ряды  |d 2001 
610 1 |a математика 
610 1 |a ряды Фурье 
610 1 |a числовые ряды 
610 1 |a функциональные ряды 
610 1 |a учебные пособия 
675 |a 51(075.8)  |v 3 
675 |a 517.52(075.8)  |v 3 
801 1 |a RU  |b 63413507  |c 20011221  |g PSBO 
801 2 |a RU  |b 63413507  |c 20220719  |g PSBO 
942 |c BK